| 000 | 00000nam##2200000za#4500 |
| 001 | 9.545073 |
| 003 | CaOODSP |
| 005 | 20240612102453 |
| 007 | ta |
| 008 | 150406|2007||||xxc||||| f|0| 0 fre|d |
| 040 | |aCaOODSP|bfre |
| 041 | |aeng |
| 041 | |afre |
| 043 | |an-cn--- |
| 086 | 1 |aRv55-5/2-6-7-2007 |
| 110 | 2 |aAgence des services frontaliers du Canada. |
| 245 | 10|aMarchandises des individus retenues à l'Agence des services frontaliers du Canada (ASFC) ou abandonnées à la Couronne - utilisation du formulaire K24, Reçu global pour éléments non monétaires |
| 260 | |aOttawa - Ontario : |bAgence des services frontaliers du Canada |
| 300 | |aTexte français, 3p. ; |c28 cm. |
| 490 | 1 |aMémorandums D des douanes. D2, Voyage international |vD2-6-7, le 12 octobre 2007 |
| 500 | |a«Ceci annule les mémorandums «D» - R2-6-7, le 13 avril 2007» |
| 563 | |aPolycopié |
| 791 | |tPersons' goods detained at the Canada Border Services Agency (CBSA) or abandoned to the Crown - use of form K24, Non-monetary general receipt |eeng|w(CaOODSP)9.545072 |
| 830 | #0|aMémorandums D des douanes. D2, Voyage international ;|vD2-6-7, le 12 octobre 2007|w(CaOODSP)9.510783 |